Top 100 Girl's Names: L Quiz Stats

 Plays Quiz not verified by Sporcle

Challenge
Share
Tweet
Embed
Score 0/30 Timer 07:00
0 Plays Today
Entered top 100 in: Name % Correct
1880Laura
96.6%
1978Lauren
93.2%
1954Lisa
90.4%
1936Linda
89.3%
2002Lily
86.3%
1880Lucy
84.4%
1880Lillian
79.2%
1955Lori
76%
1880Louise
73.5%
1979Leah
73.2%
1946Lynn
71.9%
1904Lola
70%
1896Lucille
69.4%
1954Laurie
67.9%
1880Lydia
67.5%
Entered top 100 in: Name % Correct
1880Lena
65.7%
1980Lindsey
65.7%
1953Leslie
65.3%
1978Lindsay
65.1%
2007Layla
62.7%
1902Lois
57.6%
1918Lorraine
55.2%
1931Loretta
52.5%
1880Lillie
52.2%
1947Lynda
51.8%
1880Lizzie
50.8%
1880Lottie
46.5%
1880Lula
43%
1896Leona
38.6%
1981Latoya
24.4%

You're not logged in!

Compare scores with friends on all Sporcle quizzes.
Join for Free
OR
Log In

You Might Also Like...

Show Comments

Extras

Created Sep 14, 2011SourceReportNominate
Tags:100, girl, Girl Names, Top 100

Top Quizzes Today


Score Distribution

Your Account Isn't Verified!

In order to create a playlist on Sporcle, you need to verify the email address you used during registration. Go to your Sporcle Settings to finish the process.

Report this User

Report this user for behavior that violates our Community Guidelines.

Details: